Governance of water resources in Kenya / (Record no. 10460)

MARC details
000 -LEADER
fixed length control field 01359nam a2200349 4500
001 - CONTROL NUMBER
control field 90975
005 - DATE AND TIME OF LATEST TRANSACTION
control field 20150618163709.0
007 - PHYSICAL DESCRIPTION FIXED FIELD--GENERAL INFORMATION
fixed length control field 000
008 - FIXED-LENGTH DATA ELEMENTS--GENERAL INFORMATION
fixed length control field 000
010 ## - LIBRARY OF CONGRESS CONTROL NUMBER
LC control number 95982283
020 ## - INTERNATIONAL STANDARD BOOK NUMBER
International Standard Book Number 9966410937
International Standard Book Number 996642041X
040 ## - CATALOGING SOURCE
Original cataloging agency UOEL
Transcribing agency DLC
Modifying agency DLC
043 ## - GEOGRAPHIC AREA CODE
Geographic area code f-ke---
050 00 - LIBRARY OF CONGRESS CALL NUMBER
Classification number HD1698.A2-Z
Item number .T67 1995
082 00 - DEWEY DECIMAL CLASSIFICATION NUMBER
Classification number 333.91/0096762
Edition number 21
100 1# - MAIN ENTRY--PERSONAL NAME
Personal name Torori, Cleophas.
245 10 - TITLE STATEMENT
Title Governance of water resources in Kenya /
Statement of responsibility, etc Cleophas O. Torori, Albert O. Mumma, and Alison Field-Juma.
260 ## - PUBLICATION, DISTRIBUTION, ETC. (IMPRINT)
Place of publication, distribution, etc Nairobi, Kenya :
Name of publisher, distributor, etc ACTS Press, African Centre for Technology Studies :
-- Initiatives Publishers,
Date of publication, distribution, etc 1995.
300 ## - PHYSICAL DESCRIPTION
Extent vi, 34 p. ;
Dimensions 21 cm.
440 #0 - SERIES STATEMENT/ADDED ENTRY--TITLE
Title Ecopolicy series ;
Volume number/sequential designation no. 8
504 ## - BIBLIOGRAPHY, ETC. NOTE
Bibliography, etc Includes bibliographical references (p. 33-34).
650 #0 - SUBJECT ADDED ENTRY--TOPICAL TERM
Topical term or geographic name as entry element Water-supply
Geographic subdivision Kenya
General subdivision Management.
Topical term or geographic name as entry element Water rights
General subdivision Government policy
Geographic subdivision Kenya.
Topical term or geographic name as entry element Land tenure
General subdivision Government policy
Geographic subdivision Kenya.
Topical term or geographic name as entry element Water resources development
General subdivision Government policy
Geographic subdivision Kenya.
700 1# - ADDED ENTRY--PERSONAL NAME
Personal name Mumma, Albert,
Dates associated with a name 1961-
Personal name Field-Juma, Alison.
906 ## - LOCAL DATA ELEMENT F, LDF (RLIN)
a 7
b cbc
c orignew
d 3
e ncip
f 19
g y-gencatlg
942 ## - ADDED ENTRY ELEMENTS (KOHA)
Source of classification or shelving scheme Library of Congress Classification
Item type Loan - Normal on open shelf
Holdings
Withdrawn status Lost status Source of classification or shelving scheme Damaged status Not for loan Home library Current library Shelving location Date acquired Total Checkouts Full call number Barcode Date last seen Copy number Price effective from Koha item type
    Library of Congress Classification     UOE Main Library UOE Main Library Open shelf 18/06/2015   HD1698.A2-Z .T67 1995 20144694 27/04/2026 20144694 18/06/2015 Loan - Normal on open shelf
    Library of Congress Classification     UOE Main Library UOE Main Library Open shelf 18/06/2015   HD1698.A2-Z .T67 1995 20144664 27/04/2026 20144664 18/06/2015 Loan - Normal on open shelf
    Library of Congress Classification     UOE Main Library UOE Main Library Open shelf 19/06/2015   HD1698.A2-Z .T67 1995 20144665 27/04/2026 20144665 19/06/2015 Loan - Normal on open shelf